Translationswissenschaft im interdisziplinären Dialog

Bibliographic Details
Other Authors: Zybatow, Lew N. (Editor)
Format: Book
Language:German
PhysicalDescription:xiv, 222 s. grafy, tab. 21 cm
Published: Frankfurt am Main Peter Lang c2005
ISBN:3631524544 (brož.)
ISSN:1610-286X
Series:Innsbrucker Ringvorlesungen zur Translationswissenschaft
Innsbrucker Ringvorlesungen zur Translationswissenschaft Forum Translationswissenschaft
Subjects:

MARC

LEADER 00000nam a2200000 a 4500
001 vtls008293772
003 SK-MaSNL
005 20260301074716.0
008 251029s2005 gw dl f 000 0 ger
020 |a 3631524544 (brož.) 
040 |a SNK  |b slo  |c SNK  |e AACR2 
041 0 |a ger 
044 |a gw  |a sz  |a be  |a xxu  |a xxk  |a au  |c DE  |c CH  |c US  |c GB  |c AT 
072 7 |a 81  |x Jazykoveda. Jazyky  |2 konspekt 
080 |a 81`2/`44  |2 2001 
080 |a 81`25  |2 2001 
080 |a 316.772.4  |2 2001 
080 |a (048.8)  |2 2001 
245 1 0 |a Translationswissenschaft im interdisziplinären Dialog  |c herausgegeben von Lew N. Zybatow 
260 |a Frankfurt am Main  |b Peter Lang  |c c2005 
300 |a xiv, 222 s.  |b grafy, tab.  |c 21 cm 
490 1 |a Innsbrucker Ringvorlesungen zur Translationswissenschaft  |v 3  |a Forum Translationswissenschaft  |v Bd. 3  |x 1610-286X 
650 0 7 |a interkultúrna komunikácia  |2 SNKPH  |9 2689 
650 0 7 |a prekladateľstvo  |2 SNKPH  |9 3499 
655 7 |a štúdie  |2 SNKPH  |9 57033 
700 1 |a Zybatow, Lew N.  |4 edt  |9 323040 
830 0 |a Innsbrucker Ringvorlesungen zur Translationswissenschaft  |9 397741 
830 0 |a Innsbrucker Ringvorlesungen zur Translationswissenschaft  |p Forum Translationswissenschaft  |9 397742 
919 |a 3-631-52454-4 
999 |c 648002  |d 649932 
952 |a SNK  |b SNK  |y VYP  |7 0  |p 17A0482765  |o snkIC 132492  |i snk2005/15152  |8 2  |g 54.97  |0 0  |1 0  |4 0  |d 2005-08-09  |l 0  |r 2026-02-23 18:13:21  |w 2026-02-23